| 000 | 00488cam a2200205ua 4500 | ||
|---|---|---|---|
| 001 | 6176 | ||
| 005 | 20260515114014.0 | ||
| 008 | 131120n ii |||gr||||Z||||||eng | ||
| 020 | _a81-7663-254-6 | ||
| 040 | _cMAIN | ||
| 082 | _a657 | ||
| 245 |
_aAccountancy _cBy S.P. Jain |
||
| 260 |
_aLudhiana: _bKalyani Publishers, _c1996. |
||
| 300 | _ax,613p. | ||
| 653 | _aCommerce | ||
| 653 | _aAccountancy | ||
| 700 |
_aJain,S.P., _eAuthor., |
||
| 700 | 1 |
_aNarang,K.L., _eAuthor. |
|
| 942 | _cBK | ||
| 999 |
_c5323 _d5323 |
||